Géographie - Villes de la région Provence-Alpes-Côte d'Azur - Clic Qui - Statistiques

Statistiques générales
  • Ce quiz a été pris 35 fois
  • Le résultat moyen est 56 sur 96
Statistiques - réponses
Hint Réponse % Correct
Nice Alpes-Maritimes
85%
Marseille Bouches-du-Rhône
85%
Toulon Var
82%
La Valette-du-Var Var
82%
Martigues Bouches-du-Rhône
79%
Aubagne Bouches-du-Rhône
79%
Aix-en-Provence Bouches-du-Rhône
79%
Orange Vaucluse
79%
Grasse Alpes-Maritimes
76%
Cannes Alpes-Maritimes
76%
Menton Alpes-Maritimes
76%
La Ciotat Bouches-du-Rhône
76%
Marignane Bouches-du-Rhône
76%
Salon-de-Provence Bouches-du-Rhône
76%
Hyères Var
76%
Avignon Vaucluse
76%
Vitrolles Bouches-du-Rhône
74%
Istres Bouches-du-Rhône
74%
Port-de-Bouc Bouches-du-Rhône
74%
Cavaillon Vaucluse
74%
Antibes Alpes-Maritimes
71%
Cagnes-sur-Mer Alpes-Maritimes
71%
Châteauneuf-les-Martigues Bouches-du-Rhône
71%
Fos-sur-Mer Bouches-du-Rhône
71%
La Seyne-sur-Mer Var
71%
Carpentras Vaucluse
71%
Vallauris Alpes-Maritimes
68%
Arles Bouches-du-Rhône
68%
Berre-l'Étang Bouches-du-Rhône
68%
Bouc-Bel-Air Bouches-du-Rhône
68%
Fréjus Var
68%
Sanary-sur-Mer Var
68%
Mandelieu-la-Napoule Alpes-Maritimes
65%
Miramas Bouches-du-Rhône
65%
Plan-de-Cuques Bouches-du-Rhône
65%
Brignoles Var
65%
Villeneuve-Loubet Alpes-Maritimes
62%
Gardanne Bouches-du-Rhône
62%
Septèmes-les-Vallons Bouches-du-Rhône
62%
Gap Hautes-Alpes
62%
Cogolin Var
62%
Sainte-Maxime Var
62%
Saint-Cyr-sur-Mer Var
62%
Le Cannet Alpes-Maritimes
59%
Roquebrune-Cap-Martin Alpes-Maritimes
59%
Biot Alpes-Maritimes
59%
Saint-Rémy-de-Provence Bouches-du-Rhône
59%
Saint-Martin-de-Crau Bouches-du-Rhône
59%
Châteaurenard Bouches-du-Rhône
59%
Briançon Hautes-Alpes
59%
Six-Fours-les-Plages Var
59%
Draguignan Var
59%
Beausoleil Alpes-Maritimes
56%
Mougins Alpes-Maritimes
56%
Lambesc Bouches-du-Rhône
56%
Les Pennes-Mirabeau Bouches-du-Rhône
56%
Allauch Bouches-du-Rhône
56%
Rognac Bouches-du-Rhône
56%
Saint-Raphaël Var
56%
L'Isle-sur-la-Sorgue Vaucluse
56%
Digne-les-Bains Alpes-de-Haute-Provence
53%
Manosque Alpes-de-Haute-Provence
53%
Pélissanne Bouches-du-Rhône
53%
Saint-Maximin-la-Sainte-Baume Var
53%
Ollioules Var
53%
Le Luc Var
53%
Auriol Bouches-du-Rhône
50%
La Garde Var
50%
Saint-Laurent-du-Var Alpes-Maritimes
47%
Vence Alpes-Maritimes
47%
Trets Bouches-du-Rhône
47%
Cabriès Bouches-du-Rhône
47%
La Londe-les-Maures Var
47%
Le Pradet Var
47%
Roquebrune-sur-Argens Var
47%
Vidauban Var
47%
La Trinité Alpes-Maritimes
44%
Valbonne Alpes-Maritimes
44%
Mouans-Sartoux Alpes-Maritimes
44%
Fuveau Bouches-du-Rhône
44%
Sorgues Vaucluse
44%
Bollène Vaucluse
44%
Carros Alpes-Maritimes
41%
Le Beausset Var
41%
La Crau Var
41%
Monteux Vaucluse
41%
Apt Vaucluse
38%
Tarascon Bouches-du-Rhône
35%
Solliès-Pont Var
35%
Pertuis Vaucluse
35%
Le Pontet Vaucluse
35%
Cuers Var
32%
Pernes-les-Fontaines Vaucluse
32%
Carqueiranne Var
26%
Vedène Vaucluse
26%
Valréas Vaucluse
26%
Aucun quiz correspondant
Distribution des résultats
% des personnes avec chaque résultat
Percentile par nombre de réponses
Votre historique - résultats
Vous n’avez pas pris ce quiz